<?xml version="1.0" encoding="UTF-8"?><?xml-stylesheet type="text/xsl" href="static/style.xsl"?><OAI-PMH xmlns="http://www.openarchives.org/OAI/2.0/" xmlns:xsi="http://www.w3.org/2001/XMLSchema-instance" xsi:schemaLocation="http://www.openarchives.org/OAI/2.0/ http://www.openarchives.org/OAI/2.0/OAI-PMH.xsd"><responseDate>2026-04-13T03:07:09Z</responseDate><request verb="GetRecord" identifier="oai:www.recercat.cat:2445/174991" metadataPrefix="marc">https://recercat.cat/oai/request</request><GetRecord><record><header><identifier>oai:recercat.cat:2445/174991</identifier><datestamp>2025-12-04T19:34:56Z</datestamp><setSpec>com_2072_1057</setSpec><setSpec>col_2072_478813</setSpec><setSpec>col_2072_478917</setSpec></header><metadata><record xmlns="http://www.loc.gov/MARC21/slim" xmlns:dcterms="http://purl.org/dc/terms/" xmlns:xsi="http://www.w3.org/2001/XMLSchema-instance" xmlns:doc="http://www.lyncode.com/xoai" xsi:schemaLocation="http://www.loc.gov/MARC21/slim http://www.loc.gov/standards/marcxml/schema/MARC21slim.xsd">
   <leader>00925njm 22002777a 4500</leader>
   <datafield ind2=" " ind1=" " tag="042">
      <subfield code="a">dc</subfield>
   </datafield>
   <datafield ind2=" " ind1=" " tag="720">
      <subfield code="a">Pérez Ràfols, Clara</subfield>
      <subfield code="e">author</subfield>
   </datafield>
   <datafield ind2=" " ind1=" " tag="720">
      <subfield code="a">Guo, Keying</subfield>
      <subfield code="e">author</subfield>
   </datafield>
   <datafield ind2=" " ind1=" " tag="720">
      <subfield code="a">Alba, María D.</subfield>
      <subfield code="e">author</subfield>
   </datafield>
   <datafield ind2=" " ind1=" " tag="720">
      <subfield code="a">Toh, Rou Jun</subfield>
      <subfield code="e">author</subfield>
   </datafield>
   <datafield ind2=" " ind1=" " tag="720">
      <subfield code="a">Serrano i Plana, Núria</subfield>
      <subfield code="e">author</subfield>
   </datafield>
   <datafield ind2=" " ind1=" " tag="720">
      <subfield code="a">Voelcker, Nicolas H.</subfield>
      <subfield code="e">author</subfield>
   </datafield>
   <datafield ind2=" " ind1=" " tag="720">
      <subfield code="a">Prieto Simón, Beatriu</subfield>
      <subfield code="e">author</subfield>
   </datafield>
   <datafield ind2=" " ind1=" " tag="260">
      <subfield code="c">2021-03-12T11:13:39Z</subfield>
   </datafield>
   <datafield ind2=" " ind1=" " tag="260">
      <subfield code="c">2023-03-03T06:10:17Z</subfield>
   </datafield>
   <datafield ind2=" " ind1=" " tag="260">
      <subfield code="c">2021-03-03</subfield>
   </datafield>
   <datafield ind2=" " ind1=" " tag="260">
      <subfield code="c">2021-03-12T11:13:39Z</subfield>
   </datafield>
   <datafield ind2=" " ind1=" " tag="520">
      <subfield code="a">The use of carbon-stabilized porous silicon (pSi) as a voltammetric sensing platform able to discriminate the detection of various electroactive species with similar redox potentials is demonstrated for the first time. For this purpose, the voltammetric responses to the presence of the three dihydroxybenzene isomers hydroquinone, catechol and resorcinol were studied using thermally hydrocarbonized pSi (THCpSi) and thermally carbonized pSi (TCpSi), as well as a glassy carbon electrode (GCE) as a benchmark. Both THCpSi and TCpSi outperformed the electrochemical performance of a GCE, as shown by the electrochemical characterization performed in the presence of the redox pair [Fe(CN)6]3-/4-. Cyclic voltammetry results demonstrated that both THCpSi and TCpSi exhibited fast electron transfer kinetics, with TCpSi showing a slightly improved electrochemical performance. The electrode catalytic enhancement shown by these carbon-stabilized nanostructures was harnessed to allow the simultaneous voltammetric determination of hydroquinone, catechol and resorcinol. The analytical performance of TCpSi to the detection of the three dihydroxybenzene isomers was studied using differential pulse voltammetry, revealing good reproducibility, high sensitivity, low limits of detection (all below 5 µmol L−1) and good recoveries (between 98 and 102%) in the analysis of spiked tap water samples.</subfield>
   </datafield>
   <datafield tag="653" ind2=" " ind1=" ">
      <subfield code="a">Silicones</subfield>
   </datafield>
   <datafield tag="653" ind2=" " ind1=" ">
      <subfield code="a">Electroquímica</subfield>
   </datafield>
   <datafield tag="653" ind2=" " ind1=" ">
      <subfield code="a">Carboni</subfield>
   </datafield>
   <datafield tag="653" ind2=" " ind1=" ">
      <subfield code="a">Voltametria</subfield>
   </datafield>
   <datafield tag="653" ind2=" " ind1=" ">
      <subfield code="a">Silicones</subfield>
   </datafield>
   <datafield tag="653" ind2=" " ind1=" ">
      <subfield code="a">Electrochemistry</subfield>
   </datafield>
   <datafield tag="653" ind2=" " ind1=" ">
      <subfield code="a">Carbon</subfield>
   </datafield>
   <datafield tag="653" ind2=" " ind1=" ">
      <subfield code="a">Voltammetry</subfield>
   </datafield>
   <datafield ind2="0" ind1="0" tag="245">
      <subfield code="a">Carbon-stabilized porous silicon as novel voltammetric sensor platforms</subfield>
   </datafield>
</record></metadata></record></GetRecord></OAI-PMH>